Knowledge representation using Voronoi Diagram /
Saved in:
| Main Author: | |
|---|---|
| Format: | Thesis |
| Language: | English |
| Published: |
Gombak :
International Islamic University Malaysia,
2001
|
| Subjects: | |
| Online Access: | Click here to view 1st 24 pages of the thesis. Members can view fulltext at the specified PCs in the library. |
| Tags: |
Add Tag
No Tags, Be the first to tag this record!
|
| LEADER | 018460000a22003730004500 | ||
|---|---|---|---|
| 001 | 224586 | ||
| 005 | 20230420110958.0 | ||
| 008 | 011127s2001 my a g 000 0 eng d | ||
| 035 | |a (Sirsi) 224586 | ||
| 040 | |a UIAM |b eng | ||
| 041 | 0 | |a eng | |
| 043 | |a a-my--- | ||
| 050 | 0 | 0 | |a QA278.2 |
| 100 | 1 | |a Maram Mojahed Mustafa |9 72161 | |
| 245 | 1 | 0 | |a Knowledge representation using Voronoi Diagram / |c by Maram Mojahed Mustafa |
| 260 | |a Gombak : |b International Islamic University Malaysia, |c 2001 | ||
| 300 | |a v, 76 leaves. : |b ill. ; |c 30 cm. | ||
| 336 | |2 rdacontent | ||
| 337 | |2 rdamedia | ||
| 338 | |2 rdacarrier | ||
| 500 | |a "Report of the final year project (INFO4999)"--On t.p. | ||
| 502 | |a "In partial fulfillment of the degree of Bachelor of Management Information Systems, International Islamic University Malaysia Selangor, Malaysia"--On t.p. | ||
| 502 | |a Thesis (B.M.I.S)--International Islamic University Malaysia, 2001. | ||
| 504 | |a Includes bibliographical references [leaves 68-71]. | ||
| 650 | 0 | |a Voronoi polygons |9 72162 | |
| 655 | 0 | 7 | |a Theses, IIUM local |
| 690 | 0 | |a Dissertations, Academic |x Department of Information Systems |z IIUM |9 8472 | |
| 710 | 2 | |a International Islamic University Malaysia. |b Kulliyyah of Economics and Management Sciences |9 5054 | |
| 856 | 4 | |u http://studentrepo.iium.edu.my/handle/123456789/5452 |z Click here to view 1st 24 pages of the thesis. Members can view fulltext at the specified PCs in the library. | |
| 900 | |a hj-rtr-za-naw | ||
| 942 | |2 lcc |n 0 | ||
| 999 | |c 431593 |d 463084 | ||
| 952 | |0 0 |6 T QA 000278.2 M299K 2001 |7 0 |8 THESES |9 751504 |a IIUM |b IIUM |c MULTIMEDIA |g 0.00 |o t QA278.2M299K 2001 |p 00000662720 |r 2017-10-20 |t 1 |v 0.00 |y THESIS | ||
| 952 | |0 0 |6 TS CDF QA278.2M299K 2001 |7 0 |8 THESES |9 807906 |a IIUM |b IIUM |c MULTIMEDIA |g 0.00 |o ts cdf QA278.2M299K 2001 |p 11100326640 |r 2017-10-26 |t 1 |v 0.00 |y THESISDIG | ||
